Cálculo
שמור ב:
| Main Authors: | , , |
|---|---|
| פורמט: | ספר |
| שפה: | ספרדית |
| יצא לאור: |
Ciudad de México
Pearson Educación
2001
|
| מהדורה: | 8a. ed |
| נושאים: | |
| תגים: |
הוספת תג
אין תגיות, היה/י הראשונ/ה לתייג את הרשומה!
|
MARC
| LEADER | 00000nam a2200000 a 4500 | ||
|---|---|---|---|
| 001 | UCL3802 | ||
| 003 | CL-VaPUC | ||
| 008 | 031212e20010000MX |||||||||||||||||spa|d | ||
| 020 | |a 9702601320 | ||
| 082 | 0 | 4 | |a 515 |b PUR |2 21 |
| 100 | 0 | |a Purcell, Edwin J |e author |9 481207 | |
| 700 | 0 | |a Varberg, Dale |e author |9 481208 | |
| 700 | 0 | |a Rigdon, Steven E |e author |9 481209 | |
| 245 | 1 | 0 | |a Cálculo |
| 250 | |a 8a. ed | ||
| 300 | |a 796 p | ||
| 942 | |c BK | ||
| 945 | |d 20031212 00:00:00 |a cmena | ||
| 260 | |a Ciudad de México |b Pearson Educación |c 2001 | ||
| 650 | 0 | |a Funciones (Matemáticas) |9 338128 | |
| 650 | 0 | |a Derivadas |9 354237 | |
| 650 | 0 | |a Integrales |9 260233 | |
| 650 | 0 | |a Métodos numéricos |9 259314 | |
| 650 | 0 | |a Geometría |9 264063 | |
| 650 | 0 | |a Ecuaciones diferenciales |9 260083 | |
| 583 | |a last modification |c 20031212 00:00:00 |k Rodrigo Vera | ||
| 999 | |c 306807 |d 306805 | ||
| 952 | |0 0 |1 0 |4 0 |6 515_000000000000000_PUR_2001 |7 0 |8 A |9 372132 |a BIBMAT |b BIBMAT |d 2019-11-21 |i 3973905 |o 515 PUR 2001 |p 3973905 |r 2025-01-07 |w 2019-11-21 |y BK |k MAT | ||
| 952 | |0 0 |1 0 |4 0 |6 515_000000000000000_PUR_2001 |7 0 |8 A |9 372133 |a BIBMAT |b BIBMAT |d 2019-11-21 |i 4229533 |o 515 PUR 2001 |p 4229533 |r 2025-01-07 |w 2019-11-21 |y BK |k MAT | ||
| 952 | |0 0 |1 0 |4 0 |6 515_000000000000000_PUR_2001 |7 0 |8 A |9 372134 |a BIBMAT |b BIBMAT |d 2019-11-21 |i 4229541 |o 515 PUR 2001 |p 4229541 |r 2025-01-07 |w 2019-11-21 |y BK |k MAT | ||